000
00242nam a22000857a 4500
008
161202b xxu||||| |||| 00| 0 eng d
100
_9
1735
_a
Ghai,T.C
245
_a
Open Windows A Course in English : Work Book-6
260
_a
New Delhi
_b
Pencraft
_c
2006
999
_c
4444
_d
4444